| 000 | 01423nac a22002291u 4500 | ||
|---|---|---|---|
| 010 | _a2005272113 | ||
| 020 | _a0131139703 | ||
| 020 | _a0131139703 | ||
| 020 | _a0131273191 | ||
| 035 | _a(OCoLC)ocm56317524 | ||
| 082 | 0 | 0 |
_a004 _bD141 |
| 090 |
_c4300 _d4300 |
||
| 100 | _aDaley, William, | ||
| 245 | 1 | 0 |
_aComputers are your future 2005. _pComplete edition / _cBill Daley. |
| 260 |
_aUpper Saddle River, NJ : _bPearson Prentice Hall, _cc2005. |
||
| 300 |
_axxxi, 486 p., [74] p. : _bcol. ill. ; _c28 cm. |
||
| 500 | _aIncludes index. | ||
| 505 | 0 | _aComputers, the Web & you -- Ethics -- System software: the operating environment -- Application software: tools for productivity -- Microsoft Office -- Inside the system unit -- Input/output and storage -- File management -- Networks: communicating and sharing resources -- The internet and World Wide Web -- Wired and wireless communications -- Buying and upgrading your computer system -- E-commerce, privacy, and security -- Databases and information systems -- Systems analysis and design -- Multimedia and virtual reality -- Programming languages and program development -- Careers and certification -- Enterprise computing -- Artificial intelligence and other emerging technologies. | |
| 650 | 0 | _aComputers. | |
| 942 |
_cBB _k004D141 |
||
| 999 |
_c4300 _d4300 |
||